[Event "Lisbon-ch final"]
[Site "Lisbon"]
[Date "2007.06.19"]
[Round "3"]
[White "Lopes, Carlos Correia"]
[Black "Fatia, Valter Miguel Antun"]
[Result "1-0"]
[WhiteElo "1991"]
[BlackElo "2128"]
[PlyCount "109"]
[EventDate "2007.06.15"]
[EventType "swiss"]
[EventRounds "9"]
[EventCountry "POR"]
[SourceTitle "EXT 2018"]
[Source "ChessBase"]
[SourceDate "2017.10.13"]
[SourceVersion "1"]
[SourceVersionDate "2017.10.13"]
[SourceQuality "1"]

1. e4 Nf6 2. Nc3 d5 3. exd5 Nxd5 4. Nxd5 Qxd5 5. Nf3 Bg4 6. Be2 Nc6 7. h3 Bh5 8. 0-0 e5 9. Nxe5 Bxe2 10. Qxe2 Nxe5 11. f4 f6 12. fxe5 fxe5 13. d4 0-0-0 14. dxe5 Bc5+ 15. Kh1 Rde8 16. Bf4 h6 17. Bg3 g5 18. b4 Be7 19. Rae1 h5 20. c4 Qe6 21. c5 Rhg8 22. Qxh5 Rh8 23. Qf7 Qc6 24. Qf5+ Kb8 25. Qg4 Rh7 26. Qe4 Qh6 27. c6 Qg7 28. Bh2 Reh8 29. Re3 Rh4 30. Qf3 Rf8 31. Qd1 Rxb4 32. Rxf8+ Qxf8 33. Qd3 Bc5 34. Rf3 Qe8 35. Rf1 b6 36. e6 Qxc6 37. Qd8+ Kb7 38. e7 Rb2 39. Qxc7+ Qxc7 40. e8Q Qe7 41. Rf7 Rb1+ 42. Bg1 Rxg1+ 43. Kh2 Re1 44. Rxe7+ Rxe7 45. Qg6 Be3 46. Qf6 Bf4+ 47. Kg1 Re5 48. g3 Be3+ 49. Kg2 Bd4 50. Qd6 Re2+ 51. Kf3 Re3+ 52. Kf2 Bc5 53. Qxc5 Re2+ 54. Kxe2 bxc5 55. h4 1-0

[Event "Lisbon-ch 16th"]
[Site "Lisbon"]
[Date "2006.05.15"]
[Round "8"]
[White "Santos, Julio Fernandes"]
[Black "Fatia, Valter Miguel Antun"]
[Result "1/2-1/2"]
[WhiteElo "2097"]
[BlackElo "2022"]
[PlyCount "64"]
[EventDate "2006.05.02"]
[EventType "tourn"]
[EventRounds "11"]
[EventCountry "POR"]
[SourceTitle "EXT 2008"]
[Source "ChessBase"]
[SourceDate "2007.11.25"]
[SourceVersion "1"]
[SourceVersionDate "2007.11.25"]
[SourceQuality "1"]

1. e4 Nf6 2. e5 Nd5 3. d4 d6 4. Nf3 Bg4 5. Be2 e6 6. 0-0 Be7 7. c4 Nb6 8. b3 0-0 9. Bb2 Nc6 10. h3 Bh5 11. Nh2 Bxe2 12. Qxe2 dxe5 13. dxe5 Bc5 14. Nf3 Qe7 15. Nbd2 Rfd8 16. Ne4 Nd4 17. Nxd4 Bxd4 18. Rad1 Bxb2 19. Qxb2 a5 20. a4 Qb4 21. Qc3 Qxc3 22. Nxc3 Nd7 23. f4 Nc5 24. Nb5 c6 25. Nd6 g6 26. Rf3 Rd7 27. Re3 Kf8 28. g4 f5 29. Rf1 Ke7 30. Kf2 b6 31. Ke2 Rdd8 32. g5 h5 1/2-1/2

[Event "Lisbon-ch 16th"]
[Site "Lisbon"]
[Date "2006.05.12"]
[Round "7"]
[White "Ribeiro, Luis Landeiro"]
[Black "Fatia, Valter Miguel Antun"]
[Result "1/2-1/2"]
[WhiteElo "2066"]
[BlackElo "2022"]
[PlyCount "55"]
[EventDate "2006.05.02"]
[EventType "tourn"]
[EventRounds "11"]
[EventCountry "POR"]
[SourceTitle "EXT 2008"]
[Source "ChessBase"]
[SourceDate "2007.11.25"]
[SourceVersion "1"]
[SourceVersionDate "2007.11.25"]
[SourceQuality "1"]

1. c4 e5 2. Nc3 f5 3. d3 Nf6 4. Nf3 d6 5. e4 c6 6. Rb1 Be7 7. b4 fxe4 8. dxe4 Be6 9. Ng5 Qd7 10. Be2 0-0 11. 0-0 Na6 12. Nxe6 Qxe6 13. Be3 Nc7 14. a4 b6 15. a5 c5 16. Nd5 Ncxd5 17. cxd5 Qf7 18. f3 bxa5 19. bxc5 dxc5 20. Qa4 Bd6 21. Qxa5 Qe7 22. Rfc1 Rab8 23. Bb5 Rb6 24. Bc6 Rfb8 25. Rxb6 axb6 26. Qa4 h6 27. Rb1 g5 28. Qa6 1/2-1/2

[Event "Lisbon-ch 16th"]
[Site "Lisbon"]
[Date "2006.05.11"]
[Round "6"]
[White "Fatia, Valter Miguel Antun"]
[Black "Morais, Vitor Mestre"]
[Result "1-0"]
[WhiteElo "2022"]
[BlackElo "2047"]
[PlyCount "67"]
[EventDate "2006.05.02"]
[EventType "tourn"]
[EventRounds "11"]
[EventCountry "POR"]
[SourceTitle "EXT 2008"]
[Source "ChessBase"]
[SourceDate "2007.11.25"]
[SourceVersion "1"]
[SourceVersionDate "2007.11.25"]
[SourceQuality "1"]

1. d4 d5 2. c4 dxc4 3. e3 Nf6 4. Bxc4 e6 5. Nc3 a6 6. a4 c5 7. d5 exd5 8. Nxd5 Nxd5 9. Bxd5 Qc7 10. Qf3 Bd6 11. Bd2 0-0 12. Bc3 Nd7 13. Ne2 Ne5 14. Qe4 Rb8 15. a5 Bd7 16. f4 Ng4 17. Qf3 Nh6 18. h3 Be6 19. g4 Qe7 20. Kf2 Rfd8 21. Be4 f5 22. gxf5 Nxf5 23. Bxf5 Bxf5 24. Rhg1 g6 25. Rad1 Be4 26. Qg3 Rbc8 27. h4 Bc7 28. h5 Rxd1 29. Rxd1 Rf8 30. hxg6 Bxg6 31. Qh3 Rd8 32. Rg1 Rf8 33. Qh6 Be5 34. Bxe5 1-0

[Event "Lisbon-ch 16th"]
[Site "Lisbon"]
[Date "2006.05.05"]
[Round "3"]
[White "Guerra, Vitor Manuel Vestia"]
[Black "Fatia, Valter Miguel Antun"]
[Result "0-1"]
[WhiteElo "2255"]
[BlackElo "2022"]
[PlyCount "94"]
[EventDate "2006.05.02"]
[EventType "tourn"]
[EventRounds "11"]
[EventCountry "POR"]
[SourceTitle "EXT 2008"]
[Source "ChessBase"]
[SourceDate "2007.11.25"]
[SourceVersion "1"]
[SourceVersionDate "2007.11.25"]
[SourceQuality "1"]

1. d4 d5 2. Nf3 Nf6 3. g3 Bf5 4. Bg2 e6 5. 0-0 Nbd7 6. c4 c6 7. Nc3 Be7 8. b3 0-0 9. Nd2 Qa5 10. Bb2 Bb4 11. Qc1 Rfd8 12. a3 Bxc3 13. Bxc3 Qc7 14. Qb2 b5 15. f3 Rab8 16. e4 Bg6 17. cxb5 cxb5 18. Rac1 Qb6 19. Kh1 a5 20. b4 a4 21. e5 Ne8 22. f4 Qb7 23. g4 Nb6 24. f5 exf5 25. gxf5 Bh5 26. Rce1 Rbc8 27. Re3 Rc6 28. Rh3 Rh6 29. Nb1 Nc4 30. Qc1 Be2 31. Rxh6 Bxf1 32. Rh3 Bxg2+ 33. Kxg2 f6 34. e6 Ned6 35. Qf4 Ne4 36. Be1 Qb6 37. Bf2 Qd6 38. Qc1 Qb6 39. Qd1 Ncd6 40. Bg3 Nxf5 41. Qh5 Ng5 42. Bh4 Nxh4+ 43. Rxh4 Qxe6 44. Rf4 Rc8 45. Nd2 Qe3 46. Rf2 Rc2 47. Qd1 Qxf2+ 0-1

[Event "Lisbon-ch qual"]
[Site "Olival Basto"]
[Date "2006.03.27"]
[Round "10"]
[White "Fatia, Valter Miguel Antun"]
[Black "Eggert, Alberto"]
[Result "1/2-1/2"]
[WhiteElo "1880"]
[BlackElo "2089"]
[PlyCount "103"]
[EventDate "2006.03.06"]
[EventType "swiss"]
[EventRounds "10"]
[EventCountry "POR"]
[SourceTitle "EXT 2008"]
[Source "ChessBase"]
[SourceDate "2007.11.25"]
[SourceVersion "1"]
[SourceVersionDate "2007.11.25"]
[SourceQuality "1"]

1. d4 g6 2. c4 Bg7 3. e4 e6 4. Nc3 Ne7 5. d5 d6 6. Bd3 0-0 7. Nge2 c6 8. Bc2 b5 9. cxb5 cxb5 10. Nxb5 exd5 11. exd5 Qa5+ 12. Nbc3 Bb7 13. 0-0 Nxd5 14. Nxd5 Bxd5 15. b4 Qb5 16. Rb1 Bxa2 17. Rb2 Bc4 18. Re1 Bxb2 19. Bxb2 Qxb4 20. Bc3 Bxe2 21. Qd2 Qc5 22. Rxe2 Nd7 23. Bd4 Qh5 24. Re4 Ne5 25. Bd1 Qf5 26. Rh4 Qd3 27. Qe1 Rae8 28. Be2 Nc4 29. Be3 Rxe3 30. fxe3 Qxe3+ 31. Qf2 Qxf2+ 32. Kxf2 d5 33. Bxc4 dxc4 34. Rxc4 Re8 35. Rc7 a5 36. Kf3 Re5 37. Ra7 Kg7 38. Kf4 Rb5 39. Kf3 g5 40. h4 h6 41. hxg5 hxg5 42. Kg4 Kg6 43. Kf3 Rb3+ 44. Ke4 Rb4+ 45. Ke5 a4 46. Ra6+ Kg7 47. Kf5 g4 48. g3 Rc4 49. Ra7 Rd4 50. Kg5 Rc4 51. Kf5 Rd4 52. Kg5 1/2-1/2

[Event "Lisbon-ch qual"]
[Site "Olival Basto"]
[Date "2006.03.13"]
[Round "4"]
[White "Fatia, Valter Miguel Antun"]
[Black "Antunes, Andre Serigado Mira"]
[Result "0-1"]
[WhiteElo "1880"]
[BlackElo "1978"]
[PlyCount "68"]
[EventDate "2006.03.06"]
[EventType "swiss"]
[EventRounds "10"]
[EventCountry "POR"]
[SourceTitle "EXT 2008"]
[Source "ChessBase"]
[SourceDate "2007.11.25"]
[SourceVersion "1"]
[SourceVersionDate "2007.11.25"]
[SourceQuality "1"]

1. d4 Nf6 2. Bg5 e6 3. e4 Be7 4. Bxf6 Bxf6 5. e5 Be7 6. Nc3 d6 7. f4 c5 8. exd6 Qxd6 9. dxc5 Qxf4 10. Bb5+ Bd7 11. Bxd7+ Nxd7 12. Nge2 Qe3 13. b4 Ne5 14. Nb5 0-0 15. Qd4 Qg5 16. Qe4 Ng4 17. 0-0 b6 18. cxb6 Nf6 19. Qc4 Rac8 20. Qd3 Rfd8 21. Nbd4 axb6 22. c3 e5 23. Rf5 Qg6 24. Raf1 exd4 25. Nxd4 Rd5 26. Qa6 Re8 27. R5f3 Rg5 28. g3 Ne4 29. Qa4 b5 30. Qc2 Bf6 31. Nxb5 Rxb5 32. a4 Rd5 33. c4 Rd2 34. Qb3 Bd4+ 0-1

[Event "Loura Honra"]
[Site "Bobadela"]
[Date "2005.12.20"]
[Round "2"]
[White "Fatia, Valter Miguel Antun"]
[Black "Andrade, Bruno Miguel Rodrig"]
[Result "0-1"]
[WhiteElo "1863"]
[BlackElo "2019"]
[PlyCount "82"]
[EventDate "2005.12.17"]
[EventType "tourn"]
[EventRounds "7"]
[EventCountry "POR"]
[SourceTitle "EXT 2007"]
[Source "ChessBase"]
[SourceDate "2006.11.23"]
[SourceVersion "1"]
[SourceVersionDate "2006.11.23"]
[SourceQuality "1"]

1. d4 Nf6 2. c4 e6 3. Nc3 Bb4 4. e3 0-0 5. Bd3 b6 6. Nge2 Bb7 7. 0-0 d5 8. cxd5 exd5 9. a3 Bxc3 10. Nxc3 Nbd7 11. b4 c5 12. bxc5 bxc5 13. Nb5 Qb6 14. dxc5 Nxc5 15. Rb1 Nxd3 16. Qxd3 d4 17. Qxd4 Qc6 18. f3 Ba6 19. a4 Rfd8 20. Qh4 Rd5 21. Nd4 Qxa4 22. Re1 Re8 23. Bb2 Bd3 24. Ra1 Qb4 25. Qf2 a6 26. e4 Rg5 27. Nf5 Nh5 28. Ba3 Qb3 29. h4 Rg6 30. Ne7+ Rxe7 31. Bxe7 Nf4 32. Bg5 Ne6 33. Be3 h5 34. Ra5 Bb5 35. Rc1 Kh7 36. f4 Nd8 37. Qf3 Rg4 38. Rc5 g6 39. f5 Qb4 40. fxg6+ fxg6 41. Qf6 Qe1+ 0-1

[Event "Loura Honra"]
[Site "Bobadela"]
[Date "2005.12.17"]
[Round "1"]
[White "Fatia, Valter Miguel Antun"]
[Black "Curado, Nuno"]
[Result "1-0"]
[WhiteElo "1863"]
[BlackElo "1725"]
[PlyCount "41"]
[EventDate "2005.12.17"]
[EventType "tourn"]
[EventRounds "7"]
[EventCountry "POR"]
[SourceTitle "EXT 2007"]
[Source "ChessBase"]
[SourceDate "2006.11.23"]
[SourceVersion "1"]
[SourceVersionDate "2006.11.23"]
[SourceQuality "1"]

1. d4 e6 2. c4 b6 3. e4 Bb7 4. Bd3 Nf6 5. Bg5 Be7 6. Nc3 d5 7. Bxf6 Bxf6 8. cxd5 exd5 9. e5 Be7 10. Qf3 0-0 11. Nge2 Re8 12. Nf4 c6 13. h4 h6 14. Qh5 c5 15. Rh3 cxd4 16. Qf5 g6 17. Nxg6 Bf6 18. Rg3 Bg7 19. Ne7+ Kf8 20. Rxg7 Kxg7 21. Qf6+ 1-0